000 00270nam a2200121 i 4500
001 bg
245 0 _aWspółczesna chromatografia cieczowa.
260 _aWarszawa,
_c1976.
040 _cBPK
041 _apol
942 _cKS
008 s pl f |000 0 pol
999 _c16754
_d16754
856 _uhttp://koha.tu.koszalin.pl/cgi-bin/koha/opac-detail.pl?biblionumber=16754
_yKatalog online BPK